000 00384nam a22001337a 4500
082 _a301. 51TUC
100 _aTucker, W. T
245 _aThe Social Context of Economic Behavior
260 _aLondon
_bHOLT, RINEHART AND WNSTON, INC
_c1964
300 _aix,161Pg
_bill.;22cm
500 _aIncludes Index and Reference
650 _aThe Social Context of Economic Behavior
942 _cBK
999 _c17858
_d17858